000 00319nam a2200109 4500
008 180209b xxu||||| |||| 00| 0 eng d
245 _aStudy data on alternatives to smoking, DOH told.
260 _aPhilippines:
_bPhilippine Daily Inquirer,
_cc2017.
300 _aNovember.
650 0 _926292
_aSmoking.
942 _2ddc
_cPER
999 _c8515
_d8515